000 00896nam a2200289 i 4500
003 DO-SdBNP
005 20240812154151.0
007 ta
008 810601s1973 sp b 000 0 spa
020 _a8422930102
040 _aDO-SdBNP
_bspa
_cBNPHU
_erda
049 _aBNGR
082 4 _bF385i
_222
100 1 _aFerreras, Juan Ignacio,
_933693
_eautor
245 1 0 _aIntroducción a una sociología de la novela española del Siglo XIX /
_cJuan Ignacio Ferreras.
264 _aMadrid :
_bEdicusa,
_c1973.
300 _a287 páginas ;
_c21 cm.
336 _2rdacontent
_atexto
_btxt
337 _2rdamedia
_asin mediación
_bn
338 _2rdacarrier
_avolumen
_bnc
490 _aCuadernos para diálogo
_v9
500 _aIncluye referencias bibliográficas y notas al pie de las páginas
590 _aInventariado, 2024/BT
650 _933694
910 _aBtavárez
942 _2ddc
_cLBS1
999 _c57412
_d57412